000 00421nam a2200157Ia 4500
008 230718s9999 xx 000 0 und d
041 _aeng
082 _a671.52
_bBAN
100 _aBanerjee A.
_9116361
245 _aWelding Science, Metallurgy And Technology
260 _bNew Central Book Agency
300 _a285
365 _cRs.
_b195.00
700 _aBanerjee A.
_9116361
906 _dB:540105-Aug-2008
_cMECH
_b39
999 _c319246
_d319246